Prof. G Ram Reddy Library

International Handbook of Virtual Learning Environments (Record no. 78623)

MARC details
000 -LEADER
fixed length control field 00557nam a2200193Ia 4500
003 - CONTROL NUMBER IDENTIFIER
control field LDD
008 - FIXED-LENGTH DATA ELEMENTS--GENERAL INFORMATION
fixed length control field 181029s9999 xx 000 0 und d
020 ## - INTERNATIONAL STANDARD BOOK NUMBER
International Standard Book Number 140203802X
Terms of availability E399.00
040 ## - CATALOGING SOURCE
Transcribing agency LDD
100 ## - MAIN ENTRY--PERSONAL NAME
Personal name Weiss, Joel
245 #0 - TITLE STATEMENT
Title International Handbook of Virtual Learning Environments
Statement of responsibility, etc. Joel Weiss
260 ## - PUBLICATION, DISTRIBUTION, ETC.
Place of publication, distribution, etc. Netherlands
Name of publisher, distributor, etc. Springer
Date of publication, distribution, etc. 2006
300 ## - PHYSICAL DESCRIPTION
Extent 2v, 1615p.
365 ## - TRADE PRICE
Price amount E 399.00
901 ## - LOCAL DATA ELEMENT A, LDA (RLIN)
a 3881
b 15-03-2007
902 ## - LOCAL DATA ELEMENT B, LDB (RLIN)
a 8999
b 15-03-2007
c F
d OP
e 4
903 ## - LOCAL DATA ELEMENT C, LDC (RLIN)
a Discount-10
b Reqst by : Manohar Lal(Mr.)
942 ## - ADDED ENTRY ELEMENTS (KOHA)
Source of classification or shelving scheme Dewey Decimal Classification
Koha item type Books
Holdings
Withdrawn status Lost status Source of classification or shelving scheme Materials specified (bound volume or other part) Damaged status Not for loan Home library Current library Total Checkouts Full call number Barcode Date last seen Cost, replacement price Price effective from Koha item type
No   Dewey Decimal Classification v.1     Library and Documentation Division Library and Documentation Division   371.334 In8 061953 11/01/2018 23413.32 11/01/2018 Books

© Prof. G Ram Reddy Centre Library, Indira Gandhi National Open University, Maidan Garhi, New Delhi, 110068
+91-011-29532797 | FAX+91-011-29533393 |